El mito del salvaje
I tiakina i:
| Kaituhi matua: | |
|---|---|
| Hōputu: | Pukapuka |
| Reo: | Pāniora |
| I whakaputaina: |
Ciudad de México
Fondo de Cultura Económica
2011
|
| Ngā marau: | |
| Ngā Tūtohu: |
Tāpirihia he Tūtohu
Kāore He Tūtohu, Me noho koe te mea tuatahi ki te tūtohu i tēnei pūkete!
|
MARC
| LEADER | 00000cam a2200000 a 4500 | ||
|---|---|---|---|
| 001 | UCF1946 | ||
| 003 | CL-VaPUC | ||
| 008 | 120802e20110000MX |||||||||||||||||spa|d | ||
| 020 | |a 9786071606297 | ||
| 082 | 0 | 4 | |a 301 |b BAR |2 21 |
| 100 | 0 | |a Bartra, Roger |e author |9 563510 | |
| 245 | 1 | 3 | |a El mito del salvaje |
| 300 | |a 550 p | ||
| 942 | |c BK | ||
| 945 | |d 20120802 00:00:00 |a dcastane | ||
| 260 | |a Ciudad de México |b Fondo de Cultura Económica |c 2011 | ||
| 650 | 0 | |a Etnología |9 258726 | |
| 650 | 0 | |a Antropología cultural y social |9 265143 | |
| 583 | |a last modification |c 20130605 12:54:03 |k Rodrigo Vera | ||
| 999 | |c 348630 |d 348628 | ||
| 952 | |0 0 |1 0 |4 0 |6 301_000000000000000_BAR_2011 |7 0 |8 A |9 450749 |a BIBING |b BIBING |d 2019-11-22 |i 4874072 |o 301 BAR 2011 |p 4874072 |r 2025-01-20 |w 2019-11-22 |y BK |k CUI | ||
| 952 | |0 0 |1 0 |4 0 |6 301_000000000000000_BAR_2011 |7 0 |8 A |9 450750 |a BIBHIS |b BIBHIS |d 2019-11-22 |i 497901K |o 301 BAR 2011 |p 497901K |r 2025-01-20 |w 2019-11-22 |y BK |k HIS | ||